| 000 | 00521nam a2200157 i 4500 | ||
|---|---|---|---|
| 001 | 56620 | ||
| 003 | ES-MaACL | ||
| 005 | 20230906163419.0 | ||
| 007 | t| | ||
| 008 | 031010s1954 dk abf |||| | spa d | ||
| 245 | 0 | 0 |
_aDinamarca / _cpublicado por el Real Ministerio de Asuntos Exteriores de Dinamarca ... |
| 260 |
_aCopenhague : _bMinisterio de Asuntos Exteriores, _c1954 ( _fBianco Luno) |
||
| 300 |
_a322 p., 2 lám : _bil., map. ; _c19 cm. |
||
| 651 | 4 |
_aDinamarca- _xDescripción. _9137123 |
|
| 852 |
_aES-MaACL _jC-10619 |
||
| 999 |
_c56620 _d56620 |
||